Score 0/26 Timer 04:00
0 Plays Today
Clue 4-Letter word % Correct
'When you ____ upon a star'WISH
98%
Alcoholic grape beverageWINE
97.9%
Dentist request, 'Open _____'WIDE
97.3%
What your laundry machine does•WASH•
97.2%
Santa checks it twiceLIST
96.7%
To let borrowLEND
95.9%
Pre-Easter periodLENT
95.7%
A speech defectLISP
95.3%
Marking substance in a pencilLEAD
94.7%
Dryer accumulation•LINT•
94.6%
Intelligent; learned; worldlyWISE
94.6%
Annoying stingerWASP
94.4%
The amount of laundry cleaned•LOAD•
93.1%
Clue 4-Letter word % Correct
Open-palmed strikeSLAP
93%
Common detergent brand•TIDE•
92.9%
Clothing designer VeraWANG
92.8%
To become weaker in strengthWANE
92.6%
Unwanted mass messagesSPAM
92%
Fork prongTINE
91.9%
A small thin bunchWISP
91.3%
Rotation cycle to remove excess water•SPIN•
91.2%
WWE's Summer_____SLAM
89.7%
Extent of a bridge or archSPAN
89.3%
Laundry cleaning agent•SOAP•
88.4%
'Chop Suey' band, abbreviatedS.O.A.D.
82.6%
Clothespin's verb•HANG•
82.5%

Today's Daily Dose

Get the Picture
Which JB?

Remove Ads.
Support Sporcle.
Get the best of Sporcle when you Go Orange. This ad-free experience offers more features, more stats, and more fun while also helping to support Sporcle. Thank you for becoming a member.

You're not logged in!

Compare scores with friends on all Sporcle quizzes.
OR
Log In

Show Comments

Extras

Top Quizzes Today


Score Distribution

Your Account Isn't Verified!

In order to create a playlist on Sporcle, you need to verify the email address you used during registration. Go to your Sporcle Settings to finish the process.

Report this User

Report this user for behavior that violates our Community Guidelines.

Details: